00409nam a22001332 4500001001100000005001700011008004100028020000800069040001500077245007800092260004200170300001500212650004800227000000892520151217155836.0080619s xx 000 0 eng d cKES aKABUcKABU10aRestarting and sustaining growth in Kenya :bproceedings of a conference. aNairobi :bMwaniki Associates,c2000. avi, 98 p. 0aKenyaxSustainable development.@0000159724